Last 50 Iranian (Persian) Rulers in History - Statistics

General Stats
  • This quiz has been taken 47 times
    12 since last reset
  • The average score is 16 of 50
Answer Stats
Time Leader % Correct
1989–2026 Ali Khamenei
100%
1979–1989 Ruhollah Khomeini
89%
1941–1979 Mohammad Reza Pahlavi
78%
1925–1941 Reza Shah Pahlavi
78%
1501–1524 Ismail
67%
1576–1577 Ismail II
67%
1750–1773 Ismail III
67%
1789–1797 Mohammad Khan
67%
1834–1848 Mohammad Shah
67%
1736–1747 Nader Shah
67%
1524–1576 Tahmasp
67%
1642–1666 Abbas II
56%
1732–1736 Abbas III
56%
1722–1732 Tahmasp II
56%
1909–1925 Ahmad Shah
44%
1797–1834 Fath-Ali Shah
33%
1751–1779 Karim Khan
33%
1789 Lotf Ali Khan
33%
1779 Mohammad Ali Khan
33%
1907–1909 Mohammad Ali Shah
33%
1578–1587 Mohammad Khodabanda
33%
2026-present Mojtaba Khamenei
33%
1896–1907 Mozaffar ad-Din Shah
33%
1409–1447 Shah Rukh
33%
1666–1694 Suleiman
33%
1370–1405 Timur
33%
1785–1789 Jafar Khan
22%
1495–1498 Murad
22%
1779–1781 Sadeq Khan
22%
1629–1642 Safi
22%
1748–1796 Shahrokh
22%
1694–1722 Sultan Husayn
22%
1453–1478 Uzun Hasan
22%
1588–1629 Abbas I
11%
1779 Abol-Fath Khan
11%
1452–1469 Abu Sa'id
11%
1316–1335 Abu Sa'id
11%
1747–1748 Adil Shah
11%
1781–1785 Ali-Morad Khan
11%
1748 Ebrahim
11%
1848–1896 Naser al-Din Shah
11%
1343–1357 Abu Ishaq
0%
1498–1504 Alvand Mirza
0%
1335–1336 Arpa
0%
1438–1467 Jahan Shah
0%
1405–1409 Khalil Sultan
0%
1336–1344 Mas'ud
0%
1405–1408 Miran Shah
0%
1478 Sultan Khalil
0%
1478–1490 Yaqub
0%
No matching quizzes found
Score Distribution
Percent of People with Each Score
Percentile by Number Answered
Your Score History
You have not taken this quiz since the last reset